01111cam a22002771 4500001001300000003000400013005001700017008004100034010001700075035001900092040006200111050002300173082001500196086002100211110007600232245010000308260004800408300002300456500005500479500006800534650003200602650002900634710004000663710011300703999001700816hew59000009 DLC20260227111509.0751121s1959 dcu f000 0 eng c ahew59000009  a(OCoLC)1847140 aU.S. Dept. of HEWcTxU-DadTJoS-MdOCoLCdISSdOCoLCdDLC00aZ6663.A3bU45 1959 a016.3014350 aFS 1.18:AG 4/9591 aUnited States.bDepartment of Health, Education, and Welfare.bLibrary.10aSelected references on aging;ban annotated bibliography.cCompiled for the Committee on Aging. aWashingtonb[U.S. Govt. Print. Off.,c1959] avi, 110 p.c24 cm. aOn cover: White House Conference on Aging edition. aEarlier editions issued by the Federal Security Agency Library. 0aOlder peoplevBibliography. 0aOlder agevBibliography.1 aUnited States.bCommittee on Aging.1 aUnited States.bFederal Security Agency.bLibrary.tSelected references on aging; an annotated bibliography. c34187d34187